Journal of the chemical society, April 1957

Saved in:
Bibliographic Details
Corporate Author: Chemical Society (Great Britain)
Format: Book
Language:Undetermined
Published: London Chemical Society 1957
Subjects:
Tags: Add Tag
No Tags, Be the first to tag this record!
Institutions: Trung tâm Học liệu Trường Đại học Cần Thơ
LEADER 00548nam a2200193Ia 4500
001 CTU_126252
008 210402s9999 xx 000 0 und d
082 |a 547 
082 |b C517/Apr.1957 
110 |a Chemical Society (Great Britain) 
245 0 |a Journal of the chemical society, April 1957 
245 0 |c Chemical Society (Great Britain) 
260 |a London 
260 |b Chemical Society 
260 |c 1957 
650 |a Chemistry 
650 |x Periodical 
904 |i Nguyên 
980 |a Trung tâm Học liệu Trường Đại học Cần Thơ